The Judaization of Jerusalem / (Record no. 27288)
[ view plain ]
| 000 -LEADER | |
|---|---|
| fixed length control field | 00823nam a2200277 4500 |
| 001 - CONTROL NUMBER | |
| control field | 27288 |
| 003 - CONTROL NUMBER IDENTIFIER | |
| rucl marc code | BD-RjUL |
| 005 - DATE AND TIME OF LATEST TRANSACTION | |
| control field | 20211209051133.0 |
| 008 - FIXED-LENGTH DATA ELEMENTS--GENERAL INFORMATION | |
| fixed length control field | 140324s1970 le b 000 0 eng |
| 035 ## - SYSTEM CONTROL NUMBER | |
| System control number | (BD-RjUL)27360 |
| 040 ## - CATALOGING SOURCE | |
| Original cataloging agency | DLC |
| Language of cataloging | eng |
| Transcribing agency | DLC |
| Modifying agency | DLC |
| -- | BD-RjUL |
| 041 ## - LANGUAGE CODE | |
| Language code of text/sound track or separate title | eng |
| 082 00 - DEWEY DECIMAL CLASSIFICATION NUMBER | |
| Classification number | 956.94405 |
| Author mark and year | ALJ 1970 |
| 100 1# - MAIN ENTRY--PERSONAL NAME | |
| Personal name | Al-Khatib, Rouhi. |
| 9 (RLIN) | 83768 |
| 245 14 - TITLE STATEMENT | |
| Title | The Judaization of Jerusalem / |
| Statement of responsibility, etc. | Rouhi Al-Khatib. |
| 260 ## - PUBLICATION, DISTRIBUTION, ETC. (IMPRINT) | |
| Place of publication, distribution, etc. | Beirut, Lebanon, : |
| Name of publisher, distributor, etc. | P.L.O. Research Center, |
| Date of publication, distribution, etc. | 1970. |
| 300 ## - PHYSICAL DESCRIPTION | |
| Pagination | 70 p. : |
| Illustrations | maps. ; |
| Size | 19 cm. |
| 490 1# - SERIES STATEMENT | |
| Series statement | Palestine essays ; |
| Volume/sequential designation | no. 19 |
| 650 #0 - SUBJECT ADDED ENTRY--TOPICAL TERM | |
| Topical term or geographic name as entry element | Arab-Israeli conflict |
| Chronological subdivision | 1967-1973. |
| 9 (RLIN) | 83769 |
| 651 #0 - SUBJECT ADDED ENTRY--GEOGRAPHIC NAME | |
| Geographic name | Jerusalem |
| General subdivision | History. |
| 9 (RLIN) | 83770 |
| 830 #0 - SERIES ADDED ENTRY--UNIFORM TITLE | |
| Volume number/sequential designation | no. 19. |
| Uniform title | Palestine essays ; no. 19 |
| 942 ## - ADDED ENTRY ELEMENTS (KOHA) | |
| Source of classification or shelving scheme | Dewey Decimal Classification |
| Koha item type | Books |
| Lost status | Source of classification or shelving scheme | Damaged status | Not for loan | Collection code | Permanent Location | Current Location | Shelving location | Date acquired | Source of acquisition | Cost, normal purchase price | Total Checkouts | Full call number | Date last seen | Copy number | Koha item type |
|---|---|---|---|---|---|---|---|---|---|---|---|---|---|---|---|
| Dewey Decimal Classification | Added to bundle | Non-fiction | Central Library, University of Rajshahi | Central Library, University of Rajshahi | Reading Room | 01/08/1971 | N/A | 0.00 | 956.94405 ALJ 1970 | 24/03/2014 | C-1 | Books |